| 000 | 00719nam a2200301Ia 4500 | ||
|---|---|---|---|
| 005 | 20260401122129.0 | ||
| 008 | 008 250103s9999 xx 000 0 eng d | ||
| 020 | _a8120800567 | ||
| 037 | _aTB | ||
| 040 | _aEDL | ||
| 040 | _beng | ||
| 040 | _cEDL | ||
| 041 | _2eng | ||
| 041 | _aeng | ||
| 084 | _a891.2 WIN | ||
| 084 | _qEDL | ||
| 100 | _aWinternitz, Maurice | ||
| 245 | 0 | _aHistory of Indian Literature: Sanskrit and Scientific Literature | |
| 245 | 0 | _cWinternitz, Maurice | |
| 260 | _aDelhi | ||
| 260 | _bMotilal Banarsidass Publishers Private Limited | ||
| 260 | _c1998 | ||
| 300 | _a758p | ||
| 942 | _cTB | ||
| 942 | _h891.2 WIN | ||
| 999 |
_c1845123 _d1845123 |
||